Life and work of Lal, Bal, and Pal, (Record no. 54991)

MARC details
000 -LEADER
fixed length control field 00700cam a22002411 4500
001 - CONTROL NUMBER
control field sa 63003263
003 - CONTROL NUMBER IDENTIFIER
control field DLC
005 - DATE AND TIME OF LATEST TRANSACTION
control field 20260227111940.0
008 - FIXED-LENGTH DATA ELEMENTS--GENERAL INFORMATION
fixed length control field 870327s1962 enka 000 0ceng
010 ## - LIBRARY OF CONGRESS CONTROL NUMBER
LC control number sa 63003263
035 ## - SYSTEM CONTROL NUMBER
System control number (OCoLC)15379412
040 ## - CATALOGING SOURCE
Original cataloging agency DLC
Transcribing agency NRU
Modifying agency NRU
-- DLC
042 ## - AUTHENTICATION CODE
Authentication code premarc
043 ## - GEOGRAPHIC AREA CODE
Geographic area code a-ii---
050 00 - LIBRARY OF CONGRESS CALL NUMBER
Classification number DS479.1.A2
Item number S3
100 1# - MAIN ENTRY--PERSONAL NAME
Personal name Saggi, P. D.,
Relator term ed.
245 10 - TITLE STATEMENT
Title Life and work of Lal, Bal, and Pal,
Remainder of title a nation's homage.
260 ## - PUBLICATION, DISTRIBUTION, ETC.
Place of publication, distribution, etc. New Delhi,
Name of publisher, distributor, etc. Overseas Pub. House
Date of publication, distribution, etc. [1962]
300 ## - PHYSICAL DESCRIPTION
Extent 363 p.
Other physical details illus.
Dimensions 25 cm.
600 00 - SUBJECT ADDED ENTRY--PERSONAL NAME
Personal name Lajpat Rai,
Titles and other words associated with a name Lala,
Dates associated with a name 1865-1928.
600 10 - SUBJECT ADDED ENTRY--PERSONAL NAME
Personal name Tilak, Bal Gangadhar,
Dates associated with a name 1856-1920.
600 10 - SUBJECT ADDED ENTRY--PERSONAL NAME
Personal name Pal, Bipin Chandra,
Dates associated with a name 1858-1932.

No items available.

Powered by Koha